<?xml version="1.0" encoding="UTF-8"?>
<record
    xmlns:xsi="http://www.w3.org/2001/XMLSchema-instance"
    xsi:schemaLocation="http://www.loc.gov/MARC21/slim http://www.loc.gov/standards/marcxml/schema/MARC21slim.xsd"
    xmlns="http://www.loc.gov/MARC21/slim">

  <leader>01778cam a22002775a 4500</leader>
  <controlfield tag="001">18184025</controlfield>
  <controlfield tag="005">20161025112706.0</controlfield>
  <controlfield tag="008">140611t2015    flua   frb    001 0 eng d</controlfield>
  <datafield tag="020" ind1=" " ind2=" ">
    <subfield code="a">9781482203714</subfield>
  </datafield>
  <datafield tag="040" ind1=" " ind2=" ">
    <subfield code="a">DLC</subfield>
    <subfield code="b">eng</subfield>
    <subfield code="c">DLC</subfield>
    <subfield code="d">DLC</subfield>
    <subfield code="d">EG-ScBUE</subfield>
  </datafield>
  <datafield tag="082" ind1="0" ind2="4">
    <subfield code="a">338.476626</subfield>
    <subfield code="2">22</subfield>
    <subfield code="b">FUE</subfield>
  </datafield>
  <datafield tag="245" ind1="0" ind2="0">
    <subfield code="a">Fuel production with heterogeneous catalysis /</subfield>
    <subfield code="c">edited by Jacinto Sa.</subfield>
  </datafield>
  <datafield tag="260" ind1=" " ind2=" ">
    <subfield code="a">Boca Raton :</subfield>
    <subfield code="b">CRC Press / Taylor &amp; Francis Group,</subfield>
    <subfield code="c">c.2015.</subfield>
  </datafield>
  <datafield tag="300" ind1=" " ind2=" ">
    <subfield code="a">xii, 306 p. :</subfield>
    <subfield code="b">ill. ;</subfield>
    <subfield code="c">24 cm.</subfield>
  </datafield>
  <datafield tag="500" ind1=" " ind2=" ">
    <subfield code="a">Index : p. 303-306.</subfield>
  </datafield>
  <datafield tag="504" ind1=" " ind2=" ">
    <subfield code="a">Includes bibliographical references.</subfield>
  </datafield>
  <datafield tag="505" ind1="0" ind2=" ">
    <subfield code="a">Solar water splitting using semiconductor systems / Lorenzo Rovelli and K. Ravindranathan Thampi -- Photocatalytic hydrogen evolution / Yusuke Yamada and Shunichi Fukuzumi -- Co2 to fuels / Atsushi Urakawa and Jacinto S&#xFFFD;a -- Methane activation and transformation over nano-catalysts / Rajaram Bal and Ankur Bordoloi -- Fischer-tropsch : fuel production with Co catalysts / Cristina Paun, Jacinto S&#xFFFD;a, and Kalala Jalama -- Syngas to methanol and ethanol / Martin Muhler and Stefan Kaluza -- Steam reforming / Karin F&#xFFFD;ottinger -- Biomass to liquid biofuels via heterogeneous catalysis / Michael St&#xFFFD;ocker and Roman Tschentscher -- Catalytic pyrolysis of lignocellulosic biomass / K. Seshan -- Recent trends in the purification of H2 streams by water-gas shift (WGS) and prox / A. Sep&#xFFFD;ulveda-Escribano and J. Silvestre-Albero.</subfield>
  </datafield>
  <datafield tag="650" ind1=" " ind2="7">
    <subfield code="a">Fuel.</subfield>
    <subfield code="2">BUEsh</subfield>
    <subfield code="9">7206</subfield>
  </datafield>
  <datafield tag="651" ind1=" " ind2=" ">
    <subfield code="2">BUEsh</subfield>
  </datafield>
  <datafield tag="653" ind1=" " ind2=" ">
    <subfield code="b">ENGMEC</subfield>
    <subfield code="c">February2016</subfield>
  </datafield>
  <datafield tag="650" ind1=" " ind2="7">
    <subfield code="9">7141</subfield>
    <subfield code="a">Heterogeneous catalysis</subfield>
    <subfield code="2">BUEsh</subfield>
  </datafield>
  <datafield tag="700" ind1="1" ind2=" ">
    <subfield code="a">Sa, Jacinto,</subfield>
    <subfield code="e">editor.</subfield>
  </datafield>
  <datafield tag="906" ind1=" " ind2=" ">
    <subfield code="a">7</subfield>
    <subfield code="b">cbc</subfield>
    <subfield code="c">orignew</subfield>
    <subfield code="d">1</subfield>
    <subfield code="e">ecip</subfield>
    <subfield code="f">20</subfield>
    <subfield code="g">y-gencatlg</subfield>
  </datafield>
  <datafield tag="942" ind1=" " ind2=" ">
    <subfield code="2">ddc</subfield>
  </datafield>
  <datafield tag="999" ind1=" " ind2=" ">
    <subfield code="c">21145</subfield>
    <subfield code="d">21117</subfield>
  </datafield>
  <datafield tag="952" ind1=" " ind2=" ">
    <subfield code="0">0</subfield>
    <subfield code="1">0</subfield>
    <subfield code="2">ddc</subfield>
    <subfield code="4">0</subfield>
    <subfield code="7">0</subfield>
    <subfield code="8">Academic</subfield>
    <subfield code="a">MAIN</subfield>
    <subfield code="b">MAIN</subfield>
    <subfield code="c">1ST</subfield>
    <subfield code="d">2016-02-14</subfield>
    <subfield code="e">Purchase</subfield>
    <subfield code="g">1596.00</subfield>
    <subfield code="h">4859</subfield>
    <subfield code="l">2</subfield>
    <subfield code="o">338.476626 FUE</subfield>
    <subfield code="p">000031544</subfield>
    <subfield code="r">2025-07-15 00:00:00</subfield>
    <subfield code="s">2021-02-15</subfield>
    <subfield code="v">1995.00</subfield>
    <subfield code="y">BB</subfield>
  </datafield>
</record>
